书目信息 |
| 题名: |
中华民国史资料丛稿
|
|
| 作者: | ;贾玉芹 译 ;日本防卫厅防卫研究所战史室 著 | |
| 分册: | 译稿 | |
| 出版信息: | 北京 中华书局 1984 |
|
| 页数: | 190页 | |
| 开本: | 26cm | |
| 丛书名: | ||
| 单 册: | ||
| 中图分类: | K258.06 | |
| 科图分类: | ||
| 主题词: | 中国--近代史--1912~1919 | |
| 电子资源: | ||
| ISBN: | ||
| 000 | 00989nam0 2200253 45 | |
| 001 | 0185008785 | |
| 005 | 20060324082528.64 | |
| 010 | @dCNY1.20 | |
| 100 | @a19930913d1984 emky0chiy0121 ea | |
| 101 | 1 | @achi@cjpn |
| 102 | @aCN@b110000 | |
| 105 | @ay z 000yy | |
| 200 | 10 | @a中华民国史资料丛稿@Azhong hua min guo shi zi liao cong gao@i译稿@i昭和十七、八(1942、1943)年的中国派遣军@i上@f日本防卫厅防卫研究所战史室著@Fri ben fang wei ting fang wei yan jiu suo zhan shi shi zhu@g贾玉芹译 |
| 210 | @a北京@c中华书局@d1984 | |
| 215 | @a190页@d26cm | |
| 517 | @a昭和十七、八(1942、1943)年的中国派遣军@AZhao He Shi Qi、Ba(1942、1943)Nian De Zhong Guo Pai Qian Jun | |
| 517 | 1 | @a译稿@Ayi gao |
| 606 | 0 | @a中国@x近代史@z1912~1919 |
| 690 | @aK258.06@v4 | |
| 702 | 0 | @a贾玉芹@Ajia yu qin@4译 |
| 711 | 02 | @a日本防卫厅防卫研究所战史室@Ari ben fang wei ting fang wei yan jiu suo zhan shi shi@4著 |
| 801 | 2 | @aCN@bNLC@c20060324 |
| 801 | 0 | @aCN@b深圳图书馆@c20040509 |
| 905 | @dK258.06@e34:1 | |
| 中华民国史资料丛稿.译稿.昭和十七、八(1942、1943)年的中国派遣军.上/日本防卫厅防卫研究所战史室著/贾玉芹译.-北京:中华书局,1984 |
| 190页;26cm |
| ISBN :CNY1.20 |
| ● |
| 相关链接 |
|
|
|
|
正题名:中华民国史资料丛稿
索取号:K258.06/34:1
 
预约/预借
| 序号 | 登录号 | 条形码 | 馆藏地/架位号 | 状态 | 备注 |
| 1 | 0158866 | 001293629 | 第二样本阅览室/ [索取号:K258.06/34:1] | 在馆 | |
| 2 | 0158867 | 202239032 | 密集书库/ [索取号:K258.06/34:1] | 在馆 |